000 00726cam a2200265 a 4500
999 _c7811
_d7811
001 7811
003 BD-JhCC
005 20181006182142.0
008 110621s1958 et ab b 001 0 eng
020 _a9994400290
035 _a(BD-JhCC)7811
040 _aDLC
_cDLC
_dBD-JhCC
041 _aeng
082 _bFOR 1958
_a823.91
100 _aForbes-Watson, R.
245 _aShifta ! /
_cR. Forbes-Watson
260 _aAddis Ababa, Ethiopia :
_bShama Books,
_cc2010.
300 _a344 p. :
_bill., maps ;
_c25 cm.
504 _aIncludes bibliographic references (p. [311]-328) and index.
650 _aManners and customs
650 _aChildren and war
936 _aPR 703819850
942 _2ddc
_cBK